01023nam a22002657a 45000010005000000030006000050050017000110080041000280200018000690400029000870500015001160820010001311000019001412450071001602500054002312600036002853000043003214900025003645050009003895200255003985210024006535210020006776500027006977000033007244948FISKH20241122132032.0241028b cb ||||| |||| 00| 0 eng d a9780439944533 aFISKHbengcFISKHdFISKH aQC981.G366 a551.5 aGaneri, Anita  aStormy Weather / cby Anita Ganeri : illustrated by Mike Phillips  aFirst published in the UK by Scholastic Ltd, 1999 aNew York :bSholastic ;c1999.  a160 pages : billustrations ;c20 cm . a Horrible Geography  aZ  aGeography with the gritty bits left in! Where in the world can you: watch tornadoes that rip houses from the ground? meet the man struck by lightning seven times? and, see frozen turtles fall from the sky? Get the Earth-shattering facts in this book.8 a950 bLexile IG 8 aZ bRaz-Plus  aweather vnono-fiction aPhillips, Mikeeillustrator